000 00658nam a2200265Ia 4500
003 OSt
005 20221006142629.0
006 a|||||r|||| 00| 0
007 ta
008 221006b |||||||| |||| 00| 0 eng d
020 _c5.00
024 _a6,805
037 _cTextual
040 _aEASL
_cEASL
_beng
041 _2eng
_aeng
082 _aY:1.41.N1, E1
100 _aGILES Herbert A
_965985
245 0 _aCivilization of China
260 _aLondon
_bWilliams & Norgate
_c1911
300 _a256p.
_ccm.
490 _v CEL
650 _aCEL
942 _hY:1.41.N1, E1
_cTEXL
_2CC
999 _c1074891
_d1074891